Altıok (Record no. 11360)

MARC details
000 -BAŞLIK
Sabit Uzunlukta Kontrol Alanı 00826na a2200289 4500
001 - KONTROL NUMARASI
Denetim Alanı 21812
003 - KONTROL NUMARASI IDENTIFIER
Denetim Alanı MIRAKIL
005 - SON İŞLEM TARİHİ VE ZAMANI
Denetim Alanı 20190301095123.0
008 - SABİT-BOY VERİ ELEMANLARI - GENEL BİLGİLER
Sabit Uzunlukta Kontrol Alanı 170215b tu n0 0 0
035 ## - SİSTEM KONTROL NUMARASI
Sistem Kontrol Numarası 20918
040 ## - KATALOGLAMA KAYNAK
Orijinal Kataloglama Ajansı Milas
Kataloglama Dili tur
Metne Dönüştürmek Ajansı TR-AnCHP
041 ## - DİL KODU
Metin / Ses Parça Veya Ayrı Başlığın Dil Kodu tur
082 ## - DEWEY ONLU SINIFLANDIRMA NUMARASI
Sınıflandırma Numarası CHP 050
Ürün Numarası ALT 1994
090 ## - SINIFLAMA NUMARASI
Sınıflama Numarası CHP 050 DER 22
222 ## - ANAHTAR ADI
Anahtar Başlık Altıok
245 ## - BAŞLIK TABLOSU
Başlık Altıok
Başlığın Kalan bağımsız kemalist kültür ve politika dergisi
246 ## - UNVAN FORM VARYING
Başlık Doğru / Kısa Başlığı Altıok bağımsız kemalist kültür ve politika dergisi
260 ## - YAYIN, DAĞITIM, VB
Yayın, Dağıtım, Vb Yeri İstanbul
Yayın, Dağıtım, Vb Tarihi 1994
300 ## - FİZİKSEL TANIM
Kapsam c.
Diğer Fiziksel Ayrıntıları res.
Boyutlar 34 sm.
500 ## - GENEL NOT
Genel Not Yalnız sayı 3 (Ekim'94) mevcuttur.
650 ## - KONU KATMA GİRİŞ - TOPİKAL DÖNEM
Topikal Süreli Veya Coğrafi Ad Giriş Elemanı Siyasal bilimler
Genel Alt Bölümü Süreli yayınlar
651 ## - KONU KATMA GİRİŞ - COĞRAFİ ADI
Coğrafi İsim Türkiye
Genel Alt Bölümü Siyaset ve yönetim
Kronolojik Alt Bölümü Süreli yayınlar
910 ## - KULLANICI SEÇENEK, VERİLERİN (OCLC)
Kullanıcı Seçenek Veri DERGİ 22
942 ## - EKLENDİ GİRİŞ ELEMANLARI (KOHA)
Sınıflandırma Veya Raf Düzeni Kaynak Dewey Decimal Classification
Koha Öğesi Türü Serials
Seri Kayıt Bayrağı 1
999 ## - SİSTEM KONTROL NUMARALARI (KOHA)
Koha Biblionumber 11360
Koha Biblioitemnumber 11360
310 ## - MEVCUT YAYIN FREKANSI
Güncel Yayın Frekansı Aylık
655 ## - INDEX DÖNEM - TÜR / FORMU
-- Dergi
Holdings
Kullanım Kısıtlamaları Kalıcı Konum Mevcut Konum Edinme Tarihi Kodlu Konum Eleme Toplam Check-Out'Lar Tam Çağrı Numarası Barkod Tarih Son Görülme İtibaren Geçerli Fiyatlar Sigara Kamu Notu Koha Öğesi Türü
Kütüphane dışına çıkarılamaz CHP Kütüphanesi CHP Kütüphanesi 02/07/2017 SÜRELİ YAYINLAR   050 DER 160 D022 02/07/2017 02/07/2017 Serials